Fair shares (Record no. 70899)

MARC details
000 -LEADER
fixed length control field 01106cam a2200217 4500
008 - FIXED-LENGTH DATA ELEMENTS--GENERAL INFORMATION
fixed length control field 020805n2002 000 0 eng u
035 ## - SYSTEM CONTROL NUMBER
System control number (Sirsi) u119183
100 ## - MAIN ENTRY--PERSONAL NAME
Personal name Regan, S
245 ## - TITLE STATEMENT
Title Fair shares
260 ## - PUBLICATION, DISTRIBUTION, ETC.
Date of publication, distribution, etc. 2002
490 ## - SERIES STATEMENT
Series statement Inside Housing
Volume/sequential designation 19 July 2002, 16-17 (2)
520 ## - SUMMARY, ETC.
Summary, etc. Evaluates the potential of equity stakes as a means of helping social housing tenants access the benefits of asset-ownership, of improving the status of social housing, of revolutionising the relationship between tenants and landlords and even reforming the right to buy. Cites recent research by the Chartered Institute of Housing/Institute for Public Policy Research "A stake worth having?" which indicates considerable support from tenants with less certainty from landlords that equity stakes would raise the status of social housing. Lists the key requirements for implementing a successful scheme.
590 ## - LOCAL NOTE (RLIN)
Local note ABS
650 ## - SUBJECT ADDED ENTRY--TOPICAL TERM
Topical term or geographic name entry element EQUITY STAKES
650 ## - SUBJECT ADDED ENTRY--TOPICAL TERM
Topical term or geographic name entry element SOCIAL HOUSING
650 ## - SUBJECT ADDED ENTRY--TOPICAL TERM
Topical term or geographic name entry element LANDLORDS
650 ## - SUBJECT ADDED ENTRY--TOPICAL TERM
Topical term or geographic name entry element TENANTS
690 ## - LOCAL SUBJECT ADDED ENTRY--TOPICAL TERM (OCLC, RLIN)
Topical term or geographic name as entry element Affordable housing
9 (RLIN) 6215
700 ## - ADDED ENTRY--PERSONAL NAME
Personal name Lupton, M
942 ## - ADDED ENTRY ELEMENTS (KOHA)
Suppress in OPAC 0
Holdings
Withdrawn status Lost status Source of classification or shelving scheme Damaged status Not for loan Home library Current library Shelving location Date acquired Total Checkouts Barcode Date last seen Copy number Price effective from Koha item type
    Dewey Decimal Classification     London London Journal article 05/08/2002   119183-1001 06/08/2019 1 06/08/2019 Journal article